000
00193 a2200097 4500
001
58000
100
_a
245
_a
Calculus
260
_a
NY
_b
John Willg & Sons
_c
2002
090
_c
35515
_d
35515
942
_a
NUST-CAE
_c
_c
28353
999
_c
293073
_d
293073